| 000 -Cabecera (24) |
| Campo de control interno |
00771nam a22002414a 4500 |
| 001 - Número de control |
| Campo de control |
ESSALUD |
| 007 - Tipo material - Descripcion fisica - info general |
| Tipo material |
ta |
| 008 - Códigos de longitud fija (40p) |
| Campo de control de longitud fija |
t2013 pe gr 00| 0 spa d |
| 040 ## - Origen de la Catalogacion |
| Origen de la Catalogacion |
ESSALUD |
| 041 ## - Código de idioma (R) |
| Código de lengua del texto/banda sonora o título independiente (R) |
spa |
| 043 ## - Pais ISO |
| País ISO |
pe |
| 082 ## - Número de la Clasificación |
| Clasificación Dewey |
657.3 |
| Codigo Cutter |
P84E/2011-2012 |
| 110 ## - Autor Corporativo |
| Nombre de entidad corporativa o nombre de jurisdicción como elemento inicial (NR |
Portal Vega & Asociados |
| Rol del autor |
autor |
| 9 (RLIN) |
52888 |
| 245 ## - Titulo |
| Titulo |
Seguro Social de Salud - EsSalud, fondo común de administración - AFESSALUD : estados financieros al 31 de diciembre de 2012 y 2011 |
| 250 ## - Mencion de edicion |
| Mencion de edicion |
1 ed. |
| 260 ## - Editorial |
| Ciudad |
Lima : |
| Nombre de la Editorial |
Portal Vega & Asociados, |
| Fecha |
2013 |
| 300 ## - Descripcion |
| Páginas |
33 páginas |
| 650 ## - Temas - Descriptores |
| Temas - Descriptores |
ESTADOS FINANCIEROS |
| 9 (RLIN) |
3290 |
| 650 ## - Temas - Descriptores |
| Temas - Descriptores |
SEGURIDAD SOCIAL |
| 9 (RLIN) |
2070 |
| 650 ## - Temas - Descriptores |
| Temas - Descriptores |
PERÚ |
| 9 (RLIN) |
13 |
| 710 ## - Autor Corporativo |
| Nombre de entidad corporativa o nombre de jurisdicción como elemento inicial (NR |
Espinoza y Asociados auditores consultores |
| Rol del Autor |
autor |
| 9 (RLIN) |
52885 |
| 942 ## - Datos personalizados Koha |
| Tipo de Documento |
Libros |
| Fecha procesamiento |
2026-06-25 |
| Documentalista |
AFC |